[Event "Reykjavik Open 2013"]
[Site "Reykjavik ISL"]
[Date "2013.02.19"]
[Round "1.73"]
[White "Cherednichenko, Svetlana"]
[Black "Hojgaard, Brandur"]
[Result "1-0"]
[WhiteTitle "WGM"]
[WhiteElo "2307"]
[BlackElo "1734"]
[WhiteFideId "14105551"]
[BlackFideId "7201478"]
[EventDate "2013.02.19"]

1. d4 d5 2. Nf3 Nf6 3. e3 e6 4. Bd3 Be7 5. O-O Nbd7 6. Nbd2 b6 7. Ne5 Bb7 8. f4
O-O 9. Qf3 c5 10. b3 Qc7 11. Qh3 Ne4 12. Nxe4 dxe4 13. Bc4 Nf6 14. f5 exf5 15.
Qxf5 Rad8 16. Bb2 Bd5 17. Bxd5 Rxd5 18. c4 Rdd8 19. d5 Bd6 20. Nc6 Bxh2+ 21. Kh1
Rd6 22. Kxh2 Ng4+ 23. Qxg4 Rh6+ 24. Kg1 Qh2+ 25. Kf2 Rg6 26. Ne7+ Kh8 27. Nxg6+ 1-0

[Event "Reykjavik Open 2013"]
[Site "Reykjavik ISL"]
[Date "2013.02.19"]
[Round "1.74"]
[White "Holm, Fridgeir K"]
[Black "Andreasen, Per Naesby"]
[Result "0-1"]
[BlackTitle "FM"]
[WhiteElo "1733"]
[BlackElo "2302"]
[WhiteFideId "2307324"]
[BlackFideId "1400886"]
[EventDate "2013.02.19"]

1. e4 g6 2. f4 c6 3. Nf3 d5 4. e5 h5 5. d4 Nh6 6. Bd3 Bf5 7. Nc3 e6 8. Ne2 c5 9.
c3 Nc6 10. Bb5 Qb6 11. Bxc6+ bxc6 12. O-O Bg4 13. h3 Bxf3 14. Rxf3 h4 15. Kh2
Nf5 16. Rd3 Rc8 17. a3 c4 18. Rf3 Rb8 19. g4 hxg3+ 20. Nxg3 Nh4 21. Rf2 Qb3 22.
Qf1 Be7 23. Re2 Kd7 24. Rf2 a5 25. Nh1 Nf5 26. Qe2 Nxd4 27. Qd2 Nf5 28. Rf3 Bh4
29. a4 Qb6 30. Qe2 Qc5 31. Be3 Nxe3 32. Rxe3 Rb3 33. Rd1 Rhb8 34. Rd2 Qb6 35. f5
gxf5 0-1

[Event "Reykjavik Open 2013"]
[Site "Reykjavik ISL"]
[Date "2013.02.19"]
[Round "1.78"]
[White "Ontiveros, John"]
[Black "Mamedjarova, Turkan"]
[Result "0-1"]
[BlackTitle "WGM"]
[WhiteElo "1700"]
[BlackElo "2280"]
[WhiteFideId "2303981"]
[BlackFideId "13402005"]
[EventDate "2013.02.19"]

1. d4 d5 2. c4 e6 3. Nc3 Nf6 4. Nf3 c6 5. Bg5 Be7 6. e3 O-O 7. Bd3 h6 8. Bh4
dxc4 9. Bxc4 Nd5 10. Bxe7 Qxe7 11. Rc1 Nd7 12. O-O Rd8 13. e4 Nxc3 14. Rxc3 b5
15. Be2 Bb7 16. Qc2 a6 17. Ne5 Nxe5 18. dxe5 Rd4 19. Rd1 Rad8 20. Rcd3 c5 21. f3
Kh7 22. Bf1 R8d7 23. b4 Rxd3 24. Rxd3 Rxd3 25. Qxd3 cxb4 26. Qd6 Qg5 27. Qb6
Qxe5 28. Qxb7 Qc5+ 29. Kh1 Qc1 30. h4 Qxf1+ 31. Kh2 Qd1 32. Kh3 f5 33. Qf7 Qh1+
34. Kg3 Qa1 35. Qxe6 Qf6 36. exf5 Qxe6 37. fxe6 Kg6 38. f4 a5 39. Kf3 Kf6 40. f5
b3 41. axb3 a4 42. b4 a3 43. g4 0-1

[Event "Reykjavik Open 2013"]
[Site "Reykjavik ISL"]
[Date "2013.02.19"]
[Round "1.79"]
[White "Wahlbom, Magnus"]
[Black "Bue, Gunnar"]
[Result "1-0"]
[WhiteElo "2279"]
[BlackElo "1695"]
[WhiteFideId "1700685"]
[BlackFideId "1503391"]
[EventDate "2013.02.19"]

1. d4 Nf6 2. c4 g6 3. Nc3 Bg7 4. e4 d6 5. Nf3 O-O 6. Be2 Nc6 7. O-O e5 8. d5 Ne7
9. b4 a6 10. c5 Nd7 11. Ba3 b5 12. Nd2 f5 13. Nb3 f4 14. Bg4 Nf6 15. Bxc8 Rxc8
16. Bb2 Rb8 17. f3 g5 18. a4 h5 19. axb5 axb5 20. Qe2 c6 21. dxc6 Nxc6 22. Rad1 1-0

[Event "Reykjavik Open 2013"]
[Site "Reykjavik ISL"]
[Date "2013.02.19"]
[Round "1.80"]
[White "Heimisson, Hilmir Freyr"]
[Black "Ekeberg, Carl Fredrik"]
[Result "0-1"]
[BlackTitle "FM"]
[WhiteElo "1693"]
[BlackElo "2274"]
[WhiteFideId "2309998"]
[BlackFideId "1502654"]
[EventDate "2013.02.19"]

1. e4 c6 2. d4 d5 3. exd5 cxd5 4. Nf3 Nc6 5. c3 Bg4 6. Be2 Qc7 7. O-O e6 8. Be3
Bd6 9. h3 Bh5 10. Nbd2 Nge7 11. b4 O-O 12. Rc1 Rac8 13. Nb3 Rfd8 14. a3 Nf5 15.
Kh1 Bxf3 16. Bxf3 Bf4 17. Bxf4 Qxf4 18. Qd2 Qxd2 19. Nxd2 Rc7 20. Nb1 Rdc8 21.
Rcd1 Nb8 22. Rfe1 Nd7 23. g4 Nd6 24. a4 Nb6 25. Bg2 Nxa4 26. f4 g6 27. f5 gxf5
28. gxf5 Nxf5 29. Re5 Nxc3 30. Nxc3 Rxc3 31. Rg1 Kh8 32. Bf1 Rg8 33. Rxg8+ Kxg8
34. b5 Re3 35. Rxe3 Nxe3 36. Bd3 Kg7 37. Kg1 Nf5 38. Bxf5 exf5 39. Kf2 Kf6 40.
Kf3 a5 41. bxa6 bxa6 0-1

[Event "Reykjavik Open 2013"]
[Site "Reykjavik ISL"]
[Date "2013.02.19"]
[Round "1.81"]
[White "Jayakumar, Adarsh"]
[Black "Pantzar, Milton"]
[Result "1/2-1/2"]
[WhiteTitle "FM"]
[WhiteElo "2271"]
[BlackElo "1693"]
[WhiteFideId "5026520"]
[BlackFideId "1721003"]
[EventDate "2013.02.19"]

1. d4 Nf6 2. c4 c5 3. d5 b5 4. cxb5 a6 5. e3 axb5 6. Bxb5 Ba6 7. Bxa6 Nxa6 8.
Nc3 g6 9. e4 d6 10. f4 Bg7 11. Nf3 O-O 12. O-O Qa5 13. e5 Nd7 14. Qe2 Nc7 15.
Bd2 Qa6 16. Qe4 Nb6 17. Rfd1 Qc4 18. Qxc4 Nxc4 19. b3 Nb2 20. Rf1 Nd3 21. Be3
dxe5 22. Rad1 exf4 23. Rxd3 fxe3 24. Rxe3 Bxc3 25. Rxc3 Rxa2 26. Rxc5 Na6 27.
Rb5 Nc7 28. Rc5 Na6 29. Rc4 Ra5 30. Re1 Rxd5 31. Rxe7 Rb5 32. Ra7 Nc5 33. Nd4
Rb7 34. Rxb7 Nxb7 35. Rc7 Nd6 36. b4 Rb8 37. Rd7 Ne4 38. Nc6 Rb6 39. Ne7+ Kf8
40. Rd4 Kxe7 41. Rxe4+ Re6 42. Rxe6+ Kxe6 43. Kf2 Kd5 44. Ke3 Kc4 45. Ke4 f6 46.
b5 Kxb5 47. Kd5 f5 48. h4 Kb6 49. Ke6 Kc7 50. Ke7 Kc6 51. Kf6 Kd7 52. Kg7 Ke6
53. Kh6 f4 54. Kxh7 1/2-1/2

[Event "Reykjavik Open 2013"]
[Site "Reykjavik ISL"]
[Date "2013.02.19"]
[Round "1.82"]
[White "Hauksdottir, Hrund"]
[Black "Ptacnikova, Lenka"]
[Result "0-1"]
[BlackTitle "WGM"]
[WhiteElo "1671"]
[BlackElo "2269"]
[WhiteFideId "2302608"]
[BlackFideId "305650"]
[EventDate "2013.02.19"]

1. e4 c5 2. Nf3 Nc6 3. d4 cxd4 4. Nxd4 Nf6 5. Nc3 e6 6. f3 Bb4 7. Nb3 d5 8. exd5
Nxd5 9. Bd2 Nxc3 10. Bxc3 Bxc3+ 11. bxc3 Qh4+ 12. g3 Qf6 13. Qd3 O-O 14. Bg2 e5
15. O-O Bf5 16. Qe2 Qg6 17. Rac1 Rfe8 18. Nc5 b6 19. Nd3 Rac8 20. Rfe1 f6 21.
Nf2 Na5 22. Qa6 Qf7 23. Bf1 Rxc3 24. Bd3 Bc8 25. Qb5 Rc5 26. Qa4 Bd7 27. Qh4 f5
28. Nh3 h6 29. Nf2 Qd5 30. Qh5 Rf8 31. Kg2 Qxa2 32. Qh4 Bc6 33. Qe7 Bxf3+ 34.
Kxf3 e4+ 35. Kg2 exd3 36. Nxd3 Rxc2+ 37. Rxc2 Qxc2+ 38. Nf2 f4 39. gxf4 Rxf4 40.
Re2 Qg6+ 41. Kf1 Nc6 0-1

[Event "Reykjavik Open 2013"]
[Site "Reykjavik ISL"]
[Date "2013.02.19"]
[Round "1.83"]
[White "Tari, Aryan"]
[Black "Ramtin, Raman"]
[Result "1-0"]
[WhiteElo "2263"]
[BlackElo "1661"]
[WhiteFideId "1510045"]
[BlackFideId "12532460"]
[EventDate "2013.02.19"]

1. e4 e5 2. Nf3 Nc6 3. Bc4 Nf6 4. Ng5 d5 5. exd5 Na5 6. Bb5+ Bd7 7. Qe2 b6 8. d4
Nxd5 9. Qxe5+ Ne7 10. Nc3 f6 11. Bxd7+ Qxd7 12. Qe4 Nc6 13. Nf3 Qf5 14. O-O Qxe4
15. Nxe4 Nf5 16. d5 Nce7 17. c4 O-O-O 18. g4 Nd6 19. Nxd6+ cxd6 20. Nd4 g5 21.
Ne6 Re8 22. f4 h6 23. fxg5 fxg5 24. Be3 Ng6 25. Bd4 Rg8 26. Rae1 Kd7 27. Rf7+
Re7 28. Nxf8+ 1-0

[Event "Reykjavik Open 2013"]
[Site "Reykjavik ISL"]
[Date "2013.02.19"]
[Round "1.84"]
[White "Stefansson, Vignir Vatnar"]
[Black "Borsos, Bogdan"]
[Result "0-1"]
[BlackTitle "IM"]
[WhiteElo "1652"]
[BlackElo "2260"]
[WhiteFideId "2308649"]
[BlackFideId "14100568"]
[EventDate "2013.02.19"]

1. d4 d5 2. c4 e6 3. Nf3 c5 4. e3 Nc6 5. b3 Nf6 6. Bb2 cxd4 7. exd4 Bb4+ 8. Nbd2
Ne4 9. a3 Nxd2 10. Nxd2 Be7 11. Be2 dxc4 12. Nxc4 O-O 13. O-O Bf6 14. Ne5 Qd6
15. Nxc6 Qxc6 16. Bf3 Qb6 17. Rc1 Rd8 18. Rc4 a5 19. Qc2 Bd7 20. Rd1 Rac8 21. h3
h6 22. Rc1 a4 23. Qd1 Rxc4 24. Rxc4 Bb5 25. Rc1 Bxd4 26. Bxd4 Rxd4 27. Rc8+ Kh7
28. Qc2+ Bd3 29. Qb2 axb3 30. Rc3 Bc2 31. Kh2 Qd6+ 32. g3 Rd2 33. Kg1 Qe5 0-1

[Event "Reykjavik Open 2013"]
[Site "Reykjavik ISL"]
[Date "2013.02.19"]
[Round "1.87"]
[White "Schou-Moldt, Thomas"]
[Black "Kjartansson, Dagur"]
[Result "1-0"]
[WhiteElo "2236"]
[BlackElo "1623"]
[WhiteFideId "1401297"]
[BlackFideId "2303299"]
[EventDate "2013.02.19"]

1. Nf3 c5 2. e4 Nc6 3. d4 cxd4 4. Nxd4 e6 5. g3 Nf6 6. Bg2 Be7 7. O-O O-O 8. Re1
Qc7 9. Be3 a6 10. Nd2 Nxd4 11. Bxd4 e5 12. Be3 b5 13. c4 b4 14. b3 h6 15. Nf1
Bb7 16. Qd3 Rfd8 17. Rad1 a5 18. Bc1 a4 19. Bb2 Bc5 20. Re2 d6 21. h3 Ra6 22.
Bxe5 Nd7 23. Bb2 Raa8 24. Qc2 a3 25. Bc1 Re8 26. Ne3 Nf6 27. Nf5 Rad8 28. Rde1
Bc8 29. Ne3 Re7 30. Nd5 Nxd5 31. exd5 Rde8 32. g4 Qa7 33. Kf1 Bd4 34. Qd3 Bc3
35. Be3 Qc7 36. Rc1 Bb2 37. Rcc2 Qd8 38. Bf3 Re5 39. Bd2 Rxe2 40. Bxe2 Qb6 41.
Be3 Qd8 42. c5 Bc3 43. c6 Qh4 44. Bb6 h5 45. Qg3 Qxg3 46. fxg3 Re5 47. Bf3 Kf8
48. Re2 g6 49. Kf2 Ke7 50. gxh5 Bxh3 51. hxg6 fxg6 52. g4 Rxe2+ 53. Bxe2 Be5 54.
Kf3 1-0

[Event "Reykjavik Open 2013"]
[Site "Reykjavik ISL"]
[Date "2013.02.19"]
[Round "1.88"]
[White "Einarsson, Oskar Long"]
[Black "Karason, Askell O"]
[Result "0-1"]
[WhiteElo "1613"]
[BlackElo "2235"]
[WhiteFideId "2309220"]
[BlackFideId "2300567"]
[EventDate "2013.02.19"]

1. e4 c5 2. Nf3 e6 3. d4 cxd4 4. Nxd4 a6 5. Be2 Nf6 6. f3 Qc7 7. Nc3 b5 8. a3
Bb7 9. Be3 d6 10. Qd2 Nbd7 11. O-O Rc8 12. Bg5 Be7 13. Rfd1 Qb8 14. Rab1 O-O 15.
Nb3 Rfe8 16. Na5 Ba8 17. Bf4 Qb6+ 18. Kh1 Qxa5 19. Bxd6 Bxd6 20. Qxd6 Qb6 21.
Qg3 Qc7 22. Rd6 Nc5 23. e5 Nd5 24. Nxd5 Bxd5 25. b4 Na4 26. Bd3 Red8 27. Qh4 h6
28. Rxa6 Bc4 29. Bxc4 Qxc4 30. Qe7 Qxc2 31. Rg1 Rd1 32. Ra7 Rxg1+ 33. Kxg1 Qd1+
34. Kf2 Qd4+ 35. Kg3 Qxe5+ 36. Kh3 Qf5+ 37. Kg3 Rc4 38. Qe8+ Kh7 39. Rxf7 Qg5+ 0-1

[Event "Reykjavik Open 2013"]
[Site "Reykjavik ISL"]
[Date "2013.02.19"]
[Round "1.89"]
[White "Steindorsson, Sigurdur P."]
[Black "Jacobsen, Trond"]
[Result "1/2-1/2"]
[WhiteElo "2235"]
[BlackElo "1610"]
[WhiteFideId "2301229"]
[BlackFideId "1510380"]
[EventDate "2013.02.19"]

1. c4 c5 2. Nf3 Nf6 3. Nc3 g6 4. g3 Bg7 5. Bg2 Nc6 6. O-O O-O 7. d4 cxd4 8. Nxd4
Nh5 9. e3 a6 10. a3 f5 11. c5 Nf6 12. Qb3+ Kh8 13. Rd1 Qc7 14. Na4 e5 15. Ne2
Rd8 16. e4 d6 17. Nb6 Rb8 18. Bg5 dxc5 19. Nd5 Be6 20. Qc3 Bxd5 21. exd5 Nd4 22.
Nxd4 exd4 23. Qc2 Rbc8 24. Rac1 Qd7 25. Qb3 Qb5 26. Qxb5 axb5 27. d6 b6 28. Bb7
Rb8 29. Bc6 Rxd6 30. Bf4 Rxc6 31. Bxb8 Re6 32. Bf4 Nd5 33. Bd2 Kg8 34. Re1 Rxe1+
35. Rxe1 Kf7 36. Kf1 d3 1/2-1/2

[Event "Reykjavik Open 2013"]
[Site "Reykjavik ISL"]
[Date "2013.02.19"]
[Round "1.90"]
[White "Petersson, Baldur Teodor"]
[Black "Wang, Yiye"]
[Result "0-1"]
[WhiteElo "1575"]
[BlackElo "2226"]
[WhiteFideId "2309157"]
[BlackFideId "8606021"]
[EventDate "2013.02.19"]

1. e4 e6 2. d4 d5 3. exd5 exd5 4. Bd3 Bd6 5. Nf3 Ne7 6. c3 h6 7. h3 Be6 8. Be3
Nbc6 9. Qc2 Qd7 10. Nbd2 O-O-O 11. O-O-O g5 12. g4 f6 13. Ng1 h5 14. Ne2 hxg4
15. hxg4 Bxg4 16. f3 Bf5 17. Rdg1 Rde8 18. Rxh8 Rxh8 19. f4 Rh3 20. Nf1 Qe6 21.
Bxf5 Nxf5 22. Bf2 Rh2 23. Nxh2 gxf4 24. Nf3 Qe4 25. Ne1 f3 26. Rg8+ Kd7 27. Ng1
Nce7 28. Rh8 Bf4+ 29. Kb1 Be3 30. Nd3 b6 31. Rh3 Bxf2 32. Nxf2 Qe1+ 33. Qc1 Qxf2
34. Rxf3 Qg2 35. Qf1 Qg4 36. a3 Qg8 37. Ka1 Qe6 38. Qf2 Qe4 39. Nh3 c5 40. dxc5
bxc5 41. Nf4 d4 42. Nd3 Kd6 43. cxd4 cxd4 44. Nb4 a5 45. Nd3 Qg4 46. Qf1 Ke6 47.
Nf4+ Kf7 48. Qc4+ Kg7 49. Ne6+ Kg6 50. Qd3 Kf7 51. Rf4 Qg1+ 52. Rf1 Qe3 53. Nf4
Qe5 54. Qc4+ Ke8 55. Ne6 Ne3 56. Qa4+ Kf7 57. Nd8+ Kf8 58. Rg1 Qd5 59. Ne6+ Qxe6
60. Qxa5 Nc2+ 61. Kb1 Qe4 62. Ka2 d3 63. Rd1 Qc4+ 64. Kb1 Nxa3+ 65. Ka1 Nc2+ 66.
Kb1 Nb4 67. Ka1 d2 68. Qd8+ Kf7 0-1

[Event "Reykjavik Open 2013"]
[Site "Reykjavik ISL"]
[Date "2013.02.19"]
[Round "1.91"]
[White "Magnusdottir, Veronika Steinunn"]
[Black "Bird, Andrew"]
[Result "0-1"]
[WhiteElo "1557"]
[BlackElo "2223"]
[WhiteFideId "2309114"]
[BlackFideId "3204502"]
[EventDate "2013.02.19"]

1. e4 e5 2. Nf3 Nc6 3. d4 exd4 4. Bc4 Bc5 5. c3 Nf6 6. e5 d5 7. Bb5 Ne4 8. cxd4
Bb6 9. Be3 O-O 10. Qc2 Bd7 11. Be2 Bf5 12. Qb3 Be6 13. O-O f6 14. Bd3 Kh8 15.
Nc3 Nxc3 16. Qxc3 fxe5 17. Bb5 Rxf3 18. gxf3 exd4 19. Bxd4 Nxd4 20. a4 c6 21.
Bd3 Nxf3+ 22. Kh1 Qh4 0-1

[Event "Reykjavik Open 2013"]
[Site "Reykjavik ISL"]
[Date "2013.02.19"]
[Round "1.92"]
[White "Halldorsson, Jon Arni"]
[Black "Vignisson, Ingvar Egill"]
[Result "1-0"]
[WhiteElo "2222"]
[BlackElo "1542"]
[WhiteFideId "2301075"]
[BlackFideId "2309270"]
[EventDate "2013.02.19"]

1. d4 Nf6 2. c4 g6 3. Nc3 Bg7 4. e4 d6 5. Nf3 O-O 6. Be2 e5 7. Be3 Ng4 8. Bg5 f6
9. Bh4 c6 10. h3 Nh6 11. Qb3 Qb6 12. Qxb6 axb6 13. O-O-O exd4 14. Nxd4 Na6 15.
Nb3 Nf7 16. Bg3 Bh6+ 17. Kb1 f5 18. exf5 Bxf5+ 19. Bd3 Bxd3+ 20. Rxd3 Ne5 21.
Rd4 Nb4 22. Rhd1 c5 23. Re4 Bg7 24. Rxd6 Nec6 25. Nc1 Bd4 26. a3 Bxc3 27. bxc3
Rxa3 28. cxb4 cxb4 29. Re3 Ra6 30. Rd7 Rfa8 31. Rxb7 Ra1+ 32. Kb2 Nd4 33. Rb8+
Rxb8 34. Bxb8 Ra8 35. Bc7 b5 36. Re4 bxc4 37. Rxd4 c3+ 38. Kc2 Ra4 39. Bd6 b3+
40. Nxb3 1-0

[Event "Reykjavik Open 2013"]
[Site "Reykjavik ISL"]
[Date "2013.02.19"]
[Round "1.93"]
[White "Jonsson, Gauti Pall"]
[Black "Omarsson, Dadi"]
[Result "0-1"]
[WhiteElo "1519"]
[BlackElo "2212"]
[WhiteFideId "2309092"]
[BlackFideId "2302772"]
[EventDate "2013.02.19"]

1. e4 c5 2. b3 Nc6 3. Bb2 e5 4. Nc3 g6 5. Nge2 Bg7 6. g3 Nge7 7. Bg2 O-O 8. O-O
d6 9. d3 f5 10. f4 Be6 11. Nd5 Qd7 12. Rf2 exf4 13. Bxg7 fxg3 14. Nxg3 Kxg7 15.
Nxe7 Nxe7 16. Qd2 fxe4 17. Qc3+ Kg8 18. Rxf8+ Rxf8 19. Nxe4 Nd5 20. Qd2 Nf6 21.
Rf1 Nxe4 22. Rxf8+ Kxf8 23. Qf4+ Bf7 24. Bxe4 Kg7 25. Kf2 Qe7 26. h4 d5 27. Bf3
Qf6 28. Qxf6+ Kxf6 29. Ke3 Ke5 30. Be2 b5 31. c3 d4+ 32. cxd4+ cxd4+ 33. Kf3 a5
34. Kg4 h6 35. Kg3 Be6 36. Bd1 b4 37. Bc2 h5 38. Bd1 Bd5 39. Bc2 Kf5 40. Bd1 g5
41. Bxh5 gxh4+ 42. Kxh4 Kf4 43. Be8 Bf3 44. Bb5 Bg2 0-1

[Event "Reykjavik Open 2013"]
[Site "Reykjavik ISL"]
[Date "2013.02.19"]
[Round "1.96"]
[White "Frisk, Ellinor"]
[Black "Davidsdottir, Nansy"]
[Result "1-0"]
[WhiteTitle "WF"]
[WhiteElo "2197"]
[BlackElo "1479"]
[WhiteFideId "1708481"]
[BlackFideId "2309491"]
[EventDate "2013.02.19"]

1. Nf3 c5 2. c4 e6 3. g3 Nc6 4. Bg2 Qc7 5. Nc3 a6 6. O-O Nf6 7. e3 Be7 8. b3 O-O
9. Bb2 d5 10. cxd5 exd5 11. d4 cxd4 12. Nxd4 Rd8 13. Nce2 Bg4 14. Rc1 Rac8 15.
Qd3 Qd7 16. f3 Be6 17. Nxc6 Rxc6 18. Rxc6 Qxc6 19. Nd4 Qd7 20. Rd1 Bc5 21. Bf1
h6 22. Rc1 Rc8 23. Kf2 Bh3 24. Be2 Bxd4 25. Qxd4 Rxc1 26. Bxc1 Qf5 27. Bd3 Qc8
28. Bb2 Bf5 29. Kg2 Bh3+ 30. Kg1 Bf5 31. Kf2 Be6 32. Qe5 Kh8 33. Qf4 Qd8 34. Qb4
Nd7 35. Ke2 b5 36. Qc3 Nf6 37. Qc6 Qa5 38. Qc5 Kg8 39. a4 Nd7 40. Qd4 f6 41. Bc3
Qc7 42. axb5 axb5 43. Bxb5 Nc5 44. Ba4 Qb6 45. Kf2 Qc7 46. Bd2 Kf7 47. Kg2 Nxa4
48. bxa4 Qc2 49. a5 Qd1 50. Qd3 Qa4 51. g4 g6 52. h3 f5 53. gxf5 gxf5 54. a6 h5
55. Bc3 h4 56. Be1 Qa2+ 57. Bf2 Qa4 58. f4 1-0

[Event "Reykjavik Open 2013"]
[Site "Reykjavik ISL"]
[Date "2013.02.19"]
[Round "1.98"]
[White "Halldorsson, Bragi"]
[Black "Thorhallsson, Simon"]
[Result "1-0"]
[WhiteElo "2180"]
[BlackElo "1451"]
[WhiteFideId "2300907"]
[BlackFideId "2310090"]
[EventDate "2013.02.19"]

1. d4 d5 2. c4 c6 3. Nc3 Nf6 4. Nf3 dxc4 5. a4 Bf5 6. Ne5 e6 7. f3 Bb4 8. e4
Bxe4 9. fxe4 Nxe4 10. Bd2 Qxd4 11. Nxe4 Qxe4+ 12. Qe2 Bxd2+ 13. Kxd2 Qd5+ 14.
Kc2 Na6 15. Nxc4 O-O-O 16. Qe5 f6 17. Qxd5 Nb4+ 18. Kb3 Nxd5 19. g3 h5 20. Bh3
Nc7 21. Rad1 Kb8 22. Rhe1 e5 23. Ne3 Na6 24. Bf5 Kc7 25. Kc4 h4 26. g4 Nb8 27.
Rxd8 Rxd8 28. Rd1 Rxd1 29. Nxd1 Nd7 30. Bxd7 Kxd7 31. Ne3 Ke6 32. Nf5 g5 33. a5
b6 34. b4 Kd7 35. Kd3 h3 36. Ke4 Ke6 37. Ne3 Kd6 38. Nc4+ Ke6 39. Nxb6 Kf7 40.
Kf5 Ke7 41. Nc4 Kf7 42. Nd2 Ke7 43. Ne4 1-0

[Event "Reykjavik Open 2013"]
[Site "Reykjavik ISL"]
[Date "2013.02.19"]
[Round "1.101"]
[White "Palsdottir, Soley Lind"]
[Black "Thorhallsson, Gylfi"]
[Result "0-1"]
[WhiteElo "1393"]
[BlackElo "2141"]
[WhiteFideId "2306824"]
[BlackFideId "2300800"]
[EventDate "2013.02.19"]

1. e4 Nf6 2. Nc3 Nc6 3. Nf3 e5 4. d3 Bc5 5. Be2 d6 6. Bg5 h6 7. Bh4 Be6 8. h3 g5
9. Bg3 a6 10. Qd2 Qe7 11. O-O-O O-O-O 12. Nh2 d5 13. exd5 Nxd5 14. Nxd5 Bxd5 15.
Rhg1 f5 16. Nf1 f4 17. Bh2 Bxa2 18. Bg4+ Kb8 19. Qe2 Nd4 20. Qe1 Bb4 21. c3 Qc5 0-1

[Event "Reykjavik Open 2013"]
[Site "Reykjavik ISL"]
[Date "2013.02.19"]
[Round "1.102"]
[White "Maack, Kjartan"]
[Black "Petersen, Jakob Alexander"]
[Result "1-0"]
[WhiteElo "2136"]
[BlackElo "1370"]
[WhiteFideId "2301806"]
[BlackFideId "2309130"]
[EventDate "2013.02.19"]

1. c4 c5 2. g3 Nc6 3. Bg2 e6 4. Nf3 Nf6 5. Nc3 Be7 6. O-O O-O 7. d4 cxd4 8. Nxd4
a6 9. e4 Qb6 10. Nc2 Qc7 11. Qe2 Nb4 12. Ne3 Bc5 13. a3 Nc6 14. Nc2 Nd4 15. Nxd4
Bxd4 16. Qd3 e5 17. Ne2 Ba7 18. b4 h6 19. c5 b6 20. cxb6 Bxb6 21. Bb2 Bb7 22.
Rac1 Bc6 23. h3 Qb7 24. Bxe5 Bxe4 25. Bxe4 Nxe4 26. Qf3 Rfe8 27. Bd4 Bxd4 28.
Nxd4 Qa7 29. Nf5 Re6 30. Qg4 g5 31. Nxh6+ Kf8 32. Nf5 Rae8 33. Qh5 Rg6 34. Qh8+ 1-0

[Event "Reykjavik Open 2013"]
[Site "Reykjavik ISL"]
[Date "2013.02.19"]
[Round "1.103"]
[White "Ragnarsson, Heimir Pall"]
[Black "Newrkla, Katharina"]
[Result "0-1"]
[BlackTitle "WF"]
[WhiteElo "1354"]
[BlackElo "2135"]
[WhiteFideId "2308860"]
[BlackFideId "1621629"]
[EventDate "2013.02.19"]

1. c4 Nf6 2. g3 g6 3. Bg2 Bg7 4. Nf3 O-O 5. O-O d6 6. d4 Nc6 7. Nc3 a6 8. Bg5 h6
9. Bd2 Rb8 10. Rc1 Bd7 11. Qc2 e5 12. dxe5 dxe5 13. Rfd1 Nd4 14. Nxd4 exd4 15.
Nd5 c6 16. Bf4 cxd5 17. Bxb8 Qxb8 18. cxd5 Ne8 19. Qc5 Qd6 20. b4 Qf6 21. d6
Nxd6 22. Qc7 Ba4 23. Rd3 Rc8 24. Qxc8+ Nxc8 25. Rxc8+ Kh7 26. Bxb7 Bb5 27. Rd2
Qe7 28. Bf3 Qxb4 29. Rcc2 Bd7 30. Kg2 Bf5 31. Rb2 Qc3 32. g4 Be6 33. Rdc2 Qa5
34. h3 d3 35. exd3 Bxb2 36. Rxb2 Bxa2 37. Be4 Bd5 38. Kg3 Bxe4 39. dxe4 Qe5+ 40.
Kf3 Qxb2 0-1

[Event "Reykjavik Open 2013"]
[Site "Reykjavik ISL"]
[Date "2013.02.19"]
[Round "1.104"]
[White "Bjarnason, Saevar"]
[Black "Hrafnsson, Hilmir"]
[Result "1-0"]
[WhiteTitle "IM"]
[WhiteElo "2133"]
[BlackElo "1331"]
[WhiteFideId "2300176"]
[BlackFideId "2310481"]
[EventDate "2013.02.19"]

1. d4 Nf6 2. Nf3 g6 3. c4 Bg7 4. g3 O-O 5. Bg2 e6 6. O-O d5 7. Nc3 b6 8. Ne5 Bb7
9. b3 Nfd7 10. Bf4 Nc6 11. Nxc6 Bxc6 12. cxd5 exd5 13. Nxd5 Bxd5 14. Bxd5 Rc8
15. Rc1 c6 16. Bxc6 Nb8 17. d5 Nxc6 18. Rxc6 Re8 19. Rxc8 Qxc8 20. Qd3 Be5 21.
Rc1 Qh3 22. Rc4 Bxf4 23. Rxf4 Rd8 24. Rc4 Re8 25. d6 Rd8 26. Qd5 Qd7 27. Rc7
Qxd6 28. Qxf7+ 1-0

[Event "Reykjavik Open 2013"]
[Site "Reykjavik ISL"]
[Date "2013.02.19"]
[Round "1.106"]
[White "Herbold, Manfred"]
[Black "Kolica, Donika"]
[Result "1-0"]
[WhiteTitle "CM"]
[WhiteElo "2125"]
[BlackElo "1251"]
[WhiteFideId "4682882"]
[BlackFideId "2308843"]
[EventDate "2013.02.19"]

1. f4 Nc6 2. Nf3 d6 3. e4 e5 4. Bc4 exf4 5. d4 Bg4 6. O-O Qf6 7. c3 O-O-O 8. b4
g5 9. Qb3 Bh5 10. a4 g4 11. Nfd2 Qh4 12. Rxf4 Bh6 13. g3 Qe7 14. Bxf7 Bxf4 15.
Be6+ Kb8 16. gxf4 Qh4 17. Nf1 Nf6 18. Nbd2 Rhe8 19. d5 Ne7 20. c4 Ng6 21. Qg3
Qh3 22. Bb2 Rf8 23. f5 Ne5 24. Bxe5 dxe5 25. Ra3 Qxg3+ 26. hxg3 Bf7 27. Ne3 h5
28. Ng2 Nh7 29. Nh4 Ng5 30. Bxf7 Rxf7 31. c5 c6 32. d6 b6 33. Ng6 Re8 34. Rd3
Kc8 35. cxb6 axb6 36. Nc4 b5 37. axb5 cxb5 38. d7+ Rxd7 39. Nb6+ Kb7 40. Nxd7
Nxe4 41. Ngxe5 Rh8 42. f6 Ng5 43. Nc5+ 1-0

[Event "Reykjavik Open 2013"]
[Site "Reykjavik ISL"]
[Date "2013.02.19"]
[Round "1.107"]
[White "Kristbergsson, Bjorgvin"]
[Black "Bergthorsson, Jon Thor"]
[Result "0-1"]
[WhiteElo "1197"]
[BlackElo "2125"]
[WhiteFideId "2305232"]
[BlackFideId "2302829"]
[EventDate "2013.02.19"]

1. d4 d5 2. f4 Nf6 3. Nc3 Bf5 4. a3 e6 5. h3 c5 6. e3 Nc6 7. Bb5 a6 8. Bxc6+
bxc6 9. Nge2 Bd6 10. g4 Ne4 11. g5 h6 12. Nxe4 Bxe4 13. Rg1 hxg5 14. dxc5 Bxc5
15. b4 Bb6 16. fxg5 Rxh3 17. c4 Bxe3 18. Bxe3 Rxe3 19. Qa4 d4 20. Rd1 d3 21. Rd2
Rxe2+ 22. Kd1 Rxd2+ 23. Kxd2 Qd4 24. Qd1 Rd8 25. Rg4 Qf2+ 26. Kc3 Qc2+ 0-1